[Event "Palmira op"]
[Site "Palmira"]
[Date "2018.09.23"]
[Round "6"]
[White "Vargas, Jose Robinson"]
[Black "Barreiro Acosta, Frank"]
[Result "1-0"]
[WhiteElo "2009"]
[BlackElo "1748"]
[PlyCount "119"]
[EventDate "2018.09.20"]
[EventType "swiss"]
[EventRounds "7"]
[EventCountry "COL"]
[SourceTitle "CBM 187 Extra"]
[Source "ChessBase"]
[SourceDate "2018.11.04"]
[SourceVersion "1"]
[SourceVersionDate "2018.11.04"]
[SourceQuality "1"]

1. d4 Nf6 2. f4 b6 3. Nf3 Bb7 4. c4 e6 5. Nc3 Bb4 6. a3 Bxc3+ 7. bxc3 c5 8. e3 Qc7 9. Bd3 d6 10. Qe2 Qc6 11. e4 0-0 12. d5 exd5 13. cxd5 Qc8 14. c4 Re8 15. 0-0 Nbd7 16. Re1 b5 17. Qc2 bxc4 18. Bxc4 Nb6 19. Ba2 Qg4 20. Bb1 Qh5 21. Ra2 Re7 22. a4 Rae8 23. a5 Nbxd5 24. Qb3 Nb4 25. Rae2 Nxe4 26. Ng5 Bd5 27. Qa4 f5 28. Bd2 Nc6 29. Nxe4 fxe4 30. Bc3 Qf5 31. Rd1 Nd4 32. Bxd4 cxd4 33. Qxd4 Bb3 34. Rde1 d5 35. g3 Qf6 36. Qb4 Bc4 37. Re3 Qa6 38. Bc2 Rb7 39. Qc3 Reb8 40. Qe5 Rb5 41. f5 Qf6 42. Qc7 Qf7 43. Qe5 Re8 44. Qc3 Qf6 45. Qxf6 gxf6 46. Ba4 Reb8 47. Bxb5 Rxb5 48. Ra3 Rb2 49. Raa1 Kf7 50. Rab1 Rxb1 51. Rxb1 e3 52. Rb7+ Ke8 53. Kg2 d4 54. Rb1 Bd5+ 55. Kf1 d3 56. Re1 e2+ 57. Kf2 Kd7 58. Ke3 Kc6 59. Rb1 Bc4 60. Kd2 1-0

[Event "Palmira op"]
[Site "Palmira"]
[Date "2018.09.21"]
[Round "3"]
[White "Quinonez Garcia, Santiago"]
[Black "Vargas, Jose Robinson"]
[Result "1/2-1/2"]
[WhiteElo "2218"]
[BlackElo "2009"]
[PlyCount "66"]
[EventDate "2018.09.20"]
[EventType "swiss"]
[EventRounds "7"]
[EventCountry "COL"]
[SourceTitle "CBM 187 Extra"]
[Source "ChessBase"]
[SourceDate "2018.11.04"]
[SourceVersion "1"]
[SourceVersionDate "2018.11.04"]
[SourceQuality "1"]

1. d4 d5 2. c4 e6 3. Nc3 Nf6 4. cxd5 exd5 5. Qc2 c6 6. Bg5 Be7 7. e3 h6 8. Bxf6 Bxf6 9. Bd3 Be6 10. Nf3 Nd7 11. 0-0 0-0 12. b4 Rc8 13. a4 b6 14. Qb3 Nb8 15. Qa3 Be7 16. Qb2 Qd6 17. Rab1 Bf6 18. Ne2 c5 19. bxc5 bxc5 20. dxc5 Qxc5 21. Qd2 Nc6 22. Rfd1 Rfd8 23. Bb5 Bg4 24. Rdc1 Qd6 25. Ned4 Nxd4 26. Nxd4 a6 27. Bf1 Rxc1 28. Rxc1 Rc8 29. Rxc8+ Bxc8 30. h3 Bd7 31. Qa5 Bc8 32. Qc3 Bd7 33. Qa5 Bc8 1/2-1/2

[Event "COL sub zt 2.3.4"]
[Site "La Dorada"]
[Date "2016.11.04"]
[Round "5"]
[White "Vargas, Jose Robinson"]
[Black "Penate, Erik"]
[Result "1-0"]
[WhiteElo "2029"]
[BlackElo "1693"]
[PlyCount "59"]
[EventDate "2016.11.02"]
[EventType "swiss"]
[EventRounds "9"]
[EventCountry "COL"]
[SourceTitle "CBM 175 Extra"]
[Source "ChessBase"]
[SourceDate "2016.12.12"]
[SourceVersion "1"]
[SourceVersionDate "2016.12.12"]
[SourceQuality "1"]

1. e4 d6 2. d4 g6 3. c4 Bg7 4. Nc3 c6 5. f4 Qb6 6. Nf3 Na6 7. Be2 Bg4 8. Na4 Qc7 9. 0-0 Nf6 10. Nc3 h5 11. h3 Bd7 12. Be3 Bh6 13. Qd2 0-0-0 14. a3 c5 15. Nd5 Nxd5 16. cxd5 Qb6 17. dxc5 dxc5 18. b4 Kb8 19. Bxa6 Qxa6 20. bxc5 Qa4 21. Nd4 Rhg8 22. Rab1 g5 23. f5 g4 24. h4 Bxe3+ 25. Qxe3 Ka8 26. Rb4 Qa6 27. Rfb1 Qf6 28. Rxb7 Qxh4 29. c6 g3 30. Nf3 1-0

[Event "Ibague op"]
[Site "Ibague"]
[Date "2011.08.27"]
[Round "3"]
[White "Vargas, Jose Robinson"]
[Black "Torres, Juan Camilo"]
[Result "0-1"]
[WhiteElo "2014"]
[BlackElo "2206"]
[PlyCount "44"]
[EventDate "2011.08.26"]
[EventType "swiss"]
[EventRounds "7"]
[EventCountry "COL"]
[SourceTitle "CBM 144 Extra"]
[Source "ChessBase"]
[SourceDate "2011.10.28"]
[SourceVersion "1"]
[SourceVersionDate "2011.10.28"]
[SourceQuality "1"]

1. e4 c5 2. Nf3 e6 3. d4 cxd4 4. Nxd4 a6 5. c4 Nf6 6. Nc3 Bb4 7. Bd3 Nc6 8. Nc2 Be7 9. Be3 d6 10. f4 0-0 11. 0-0 b6 12. Qf3 Bb7 13. Rad1 Qc7 14. g4 Nd7 15. b4 d5 16. exd5 Nxb4 17. Nxb4 Bxb4 18. Qh3 g6 19. Ne4 exd5 20. Ng5 Nf6 21. f5 Rae8 22. Bf2 dxc4 0-1

[Event "Bogota McGregor op 1st"]
[Site "Bogota"]
[Date "2010.12.06"]
[Round "6"]
[White "Martinez Romero, Martin"]
[Black "Vargas, Jose Robinson"]
[Result "1-0"]
[WhiteElo "2203"]
[BlackElo "2002"]
[PlyCount "77"]
[EventDate "2010.12.03"]
[EventType "swiss"]
[EventRounds "10"]
[EventCountry "COL"]
[SourceTitle "CBM 139 Extra"]
[Source "ChessBase"]
[SourceDate "2011.01.05"]
[SourceVersion "1"]
[SourceVersionDate "2011.01.05"]
[SourceQuality "1"]

1. e4 c5 2. Nf3 e6 3. Nc3 a6 4. g3 b5 5. Bg2 Bb7 6. d3 Qc7 7. 0-0 d6 8. Re1 Nc6 9. Bf4 Be7 10. e5 Kf8 11. exd6 Bxd6 12. Bxd6+ Qxd6 13. Ne4 Qe7 14. c3 Rd8 15. Qe2 Nf6 16. Nfd2 Nd5 17. Nb3 a5 18. Nbxc5 Ba8 19. d4 b4 20. Rad1 bxc3 21. bxc3 Nc7 22. Nd2 h5 23. h4 Rh6 24. Nc4 Nd5 25. Bxd5 Rxd5 26. Nb6 Rd8 27. Nxa8 Rxa8 28. Qf3 Rc8 29. Rb1 Kg8 30. Rb7 Qf6 31. Qxf6 Rxf6 32. Ne4 Rf3 33. Re3 Rxe3 34. fxe3 Rb8 35. Rc7 Nd8 36. Rd7 Nb7 37. Kf2 Kf8 38. Ke2 Ke8 39. Rxb7 1-0

[Event "Cali Deptal Valle"]
[Site "Cali"]
[Date "2010.05.16"]
[Round "5"]
[White "Gonzalez, Robert1111"]
[Black "Vargas, Jose Robinson"]
[Result "1/2-1/2"]
[WhiteElo "2070"]
[BlackElo "1994"]
[PlyCount "62"]
[EventDate "2010.05.14"]
[EventType "swiss"]
[EventRounds "8"]
[EventCountry "COL"]
[SourceTitle "EXT 2024"]
[Source "ChessBase"]
[SourceDate "2023.10.10"]
[SourceVersion "1"]
[SourceVersionDate "2023.10.10"]
[SourceQuality "1"]

1. e4 c5 2. Nf3 Nc6 3. Bb5 d6 4. d4 cxd4 5. Qxd4 Bd7 6. Bxc6 Bxc6 7. Nc3 Nf6 8. Bg5 h6 9. Bd2 e6 10. 0-0-0 Qc7 11. h3 b5 12. Rhe1 Rc8 13. Kb1 a5 14. Rc1 b4 15. Nd5 Qd8 16. g4 Be7 17. Nxe7 Qxe7 18. g5 hxg5 19. Nxg5 d5 20. exd5 Bxd5 21. Re3 Qc5 22. Qe5 Rh5 23. f4 Kf8 24. c4 Bb7 25. b3 Nd7 26. Qb2 Qf5+ 27. Ka1 Nc5 28. Re5 Qg6 29. Qd4 Nd3 30. Qd7 Nxe5 31. Qxb7 Re8 1/2-1/2

[Event "Cali Deptal Valle"]
[Site "Cali"]
[Date "2010.05.15"]
[Round "3"]
[White "Sanchez, Victor Hugo"]
[Black "Vargas, Jose Robinson"]
[Result "1-0"]
[WhiteElo "2293"]
[BlackElo "1994"]
[PlyCount "35"]
[EventDate "2010.05.14"]
[EventType "swiss"]
[EventRounds "8"]
[EventCountry "COL"]
[SourceTitle "EXT 2024"]
[Source "ChessBase"]
[SourceDate "2023.10.10"]
[SourceVersion "1"]
[SourceVersionDate "2023.10.10"]
[SourceQuality "1"]

1. d4 d5 2. Nc3 h6 3. e4 e6 4. Nf3 dxe4 5. Nxe4 Nf6 6. Nxf6+ Qxf6 7. Bd3 Bd6 8. Qe2 Qe7 9. Bd2 Nd7 10. 0-0-0 Nf6 11. Kb1 c5 12. dxc5 Bxc5 13. Ne5 Bd7 14. Nxd7 Nxd7 15. Bb5 Rd8 16. Bc3 Rg8 17. Qe5 Bb6 18. Rxd7 1-0

[Event "Cali Menor 2100 op 11th"]
[Site "Cali"]
[Date "2009.12.30"]
[Round "8.1"]
[White "Gonzalez, Robert1111"]
[Black "Vargas, Jose Robinson"]
[Result "1-0"]
[WhiteElo "2088"]
[BlackElo "1999"]
[PlyCount "93"]
[EventDate "2009.12.26"]
[EventType "swiss"]
[EventRounds "8"]
[EventCountry "COL"]
[SourceTitle "EXT 2024"]
[Source "ChessBase"]
[SourceDate "2023.10.10"]
[SourceVersion "1"]
[SourceVersionDate "2023.10.10"]
[SourceQuality "1"]

1. e4 c5 2. g3 e6 3. Bg2 Nc6 4. d3 Nf6 5. Nf3 Qc7 6. 0-0 a6 7. Re1 d6 8. Nbd2 Be7 9. Nf1 0-0 10. h4 Bd7 11. Bg5 h6 12. Bd2 Rac8 13. Ne3 Ne5 14. Nh2 Bc6 15. f4 Ned7 16. Kh1 Nh7 17. Nf3 d5 18. e5 d4 19. Ng4 Nb6 20. Nf2 Nd5 21. Ne4 h5 22. Nfg5 Nxg5 23. hxg5 g6 24. Bf3 Kg7 25. Kg2 b5 26. Rh1 Rh8 27. Kf2 c4 28. Nf6 Qb7 29. Qe2 c3 30. bxc3 Nxc3 31. Bxc3 dxc3 32. Bxc6 Qxc6 33. Ne4 Bc5+ 34. Kf3 Kf8 35. Kg2 Ke7 36. Kh3 b4 37. Rhb1 a5 38. Nxc5 Qxc5 39. a3 Rhd8 40. axb4 axb4 41. Ra4 Rb8 42. Qf3 Qb5 43. Raxb4 Qxb4 44. Rxb4 Rxb4 45. Qc6 Rbd4 46. Qxc3 R4d5 47. Kh2 1-0

[Event "Cali op-C"]
[Site "Cali"]
[Date "2008.12.28"]
[Round "5"]
[White "Vargas, Jose Robinson"]
[Black "Manrique, Fernando"]
[Result "0-1"]
[WhiteElo "1702"]
[BlackElo "1610"]
[PlyCount "94"]
[EventDate "2008.12.26"]
[EventType "swiss"]
[EventRounds "9"]
[EventCountry "COL"]
[SourceTitle "EXT 2011"]
[Source "ChessBase"]
[SourceDate "2010.11.26"]
[SourceVersion "1"]
[SourceVersionDate "2010.11.26"]
[SourceQuality "1"]

1. e4 e5 2. Nf3 Nc6 3. Bc4 Bc5 4. b4 Bxb4 5. c3 Bd6 6. d4 Qe7 7. 0-0 Nf6 8. Re1 0-0 9. Nh4 exd4 10. cxd4 Bb4 11. Nf5 Qd8 12. e5 Bxe1 13. Bg5 Bxf2+ 14. Kf1 d5 15. Bxf6 Bxf5 16. Bxd8 Bxd4 17. Bxc7 dxc4 18. Nd2 Bd3+ 19. Ke1 Bxa1 20. Qxa1 Rac8 21. Bd6 Rfe8 22. Qc3 b5 23. a3 f6 24. Nf3 Nxe5 25. Nxe5 fxe5 26. Kf2 e4 27. Ke3 Re6 28. Be5 Re7 29. h4 h5 30. Bd6 Re6 31. Be5 Rg6 32. g3 Rf8 33. Bf4 Rf5 34. Qd4 a6 35. Kd2 Kh7 36. Kc3 a5 37. Qd7 e3 38. Bxe3 Rf3 39. Qxb5 Rxe3 40. Qxh5+ Kg8 41. Qd5+ Rge6 42. Qd8+ Kh7 43. Qxa5 Rxg3 44. Qh5+ Rh6 45. Qe5 Rh3 46. a4 R6xh4 47. a5 Bg6+ 0-1